000 01127nam a2200301 i 4500
001 bg
003 BPK
005 20210129112426.0
008 980713s1996 pl a f f |000 0 pol
015 _aPB 1531/97
020 _a8370852459
040 _aWA N
_cBPK
080 _a628.1
080 _a(075.8)
100 1 _aKowal, Apolinary Leszek
_eAutor
245 1 0 _aPodstawy projektowe systemów oczyszczania wód /
_cApolinary L. Kowal, Jolanta Maćkiewicz, Maria Świderska-Bróż.
250 _aWyd. 2 popr.
260 _aWrocław :
_bOficyna Wydawnicza Politechniki Wrocławskiej,
_c1996.
300 _a219, [1] s., [2] k. tabl. złoż. :
_b3 fot., rys., wykr. ;
_c24 cm.
504 _aBibliogr. s. [220].
650 4 _aUzdatnianie wody
655 4 _aPodręczniki akademickie
710 2 _aPolitechnika Wrocławska.
_bOficyna Wydawnicza.
_4pbl.
700 1 _aMaćkiewicz, Jolanta
_d(1953- )
_eAutor
700 1 _aŚwiderska-Bróż, Maria
_d(1947- )
_eAutor
942 _2UKD
_cKS
856 _uhttp://koha.tu.koszalin.pl/cgi-bin/koha/opac-detail.pl?biblionumber=24984
_yKatalog online BPK
999 _c24984
_d24984